Letterboxd Top 250 Narrative Feature Films - Statistics

General Stats
  • This quiz has been taken 54 times
    31 since last reset
  • The average score is 51 of 250
Answer Stats
Director Film % Correct
2 Bong Joon-ho Parasite
91%
5 Francis Ford Coppola The Godfather
87%
136 Fritz Lang M
78%
8 Sidney Lumet 12 Angry Men
74%
87 David Fincher Se7en
70%
1 Elem Klimov Come and See
65%
95 Christopher Nolan Interstellar
65%
10 Frank Darabont The Shawshank Redemption
65%
91 Stanley Kubrick 2001: A Space Odyssey
61%
19 Martin Scorsese GoodFellas
61%
62 Park Chan-wook Oldboy
61%
88 Quentin Tarantino Pulp Fiction
61%
21 Steven Spielberg Schindler's List
61%
9 Akira Kurosawa Seven Samurai
61%
14 Christopher Nolan The Dark Knight
61%
107 Stanley Kubrick The Shining
61%
41 Francis Ford Coppola Apocalypse Now
57%
4 Masaki Kobayashi Harakiri
57%
224 Christopher Nolan Inception
57%
82 Quentin Tarantino Inglourious Basterds
57%
55 Peter Jackson The Lord of the Rings: The Fellowship of the Ring
57%
22 Peter Jackson The Lord of the Rings: The Return of the King
57%
90 Denis Villeneuve Incendies
52%
93 Milos Forman One Flew Over the Cuckoo's Nest
52%
83 Alfred Hitchcock Psycho
52%
11 Hayao Miyazaki Spirited Away
52%
33 Andrei Tarkovsky Stalker
52%
28 Sergio Leone The Good, the Bad and the Ugly
52%
207 Alfred Hitchcock Vertigo
52%
27 Damien Chazelle Whiplash
52%
39 Ingmar Bergman Persona
48%
36 Akira Kurosawa Ran
48%
65 Alfred Hitchcock Rear Window
48%
99 Ingmar Bergman The Seventh Seal
48%
86 Stanley Kubrick Barry Lyndon
43%
182 Quentin Tarantino Django Unchained
43%
78 David Fincher Fight Club
43%
38 Wong Kar-wai In the Mood for Love
43%
74 Frank Capra It's a Wonderful Life
43%
92 Andrei Tarkovsky Mirror
43%
186 George Lucas Star Wars
43%
173 Roman Polanski Chinatown
39%
191 David Lynch Mulholland Drive
39%
49 Stanley Kubrick Paths of Glory
39%
50 Hayao Miyazaki Princess Mononoke
39%
217 Martin Scorsese Taxi Driver
39%
6 Francis Ford Coppola The Godfather II
39%
31 Paul Thomas Anderson There Will Be Blood
39%
104 Ridley Scott Alien
35%
53 Richard Linklater Before Sunrise
35%
140 Peter Weir Dead Poets Society
35%
51 Spike Lee Do the Right Thing
35%
134 Wes Anderson Fantastic Mr. Fox
35%
184 Joel Coen Fargo
35%
179 Jordan Peele Get Out
35%
71 Bong Joon-ho Memories of Murder
35%
98 Joel Coen, Ethan Coen No Country for Old Men
35%
206 Sergio Leone Once Upon a Time in America
35%
108 Gene Kelly, Stanley Donen Singin' in the Rain
35%
242 Andrei Tarkovsky Solaris
35%
40 Billy Wilder Sunset Boulevard
35%
171 Martin Scorsese The Departed
35%
194 Robert Zemeckis Back to the Future
30%
70 Richard Linklater Before Sunset
30%
116 Charlie Chaplin City Lights
30%
16 Fernando Meirelles, Kátia Lund City of God
30%
141 Gus Van Sant Good Will Hunting
30%
12 Akira Kurosawa High and Low
30%
118 Roberto Benigni Life Is Beautiful
30%
175 Charlie Chaplin Modern Times
30%
85 Sergio Leone Once Upon a Time in the West
30%
48 Wim Wenders Paris, Texas
30%
239 Steven Spielberg Saving Private Ryan
30%
15 Peter Ramsey, Rodney Rothman, Bob Persichetti Spider-Man: Into the Spiderverse
30%
94 Roman Polanski The Pianist
30%
46 Yasujiro Ozu Tokyo Story
30%
17 Edward Yang Yi Yi
30%
44 Andrei Tarkovsky Andrei Rublev
26%
105 Wong War-wai Chungking Express
26%
222 Michael Mann Heat
26%
135 David Lean Lawrence of Arabia
26%
237 Greta Gerwig Little Women
26%
183 Hayao Miyazaki My Neighbor Totoro
26%
32 Satoshi Kon Perfect Blue
26%
138 Denis Villeneuve Prisoners
26%
250 Billy Wilder Some Like It Hot
26%
30 Irvin Kershner The Empire Strikes Back
26%
142 Wes Anderson The Grand Budapest Hotel
26%
35 Park Chan-wook The Handmaiden
26%
198 Thomas Vinterberg The Hunt
26%
59 John Carpenter The Thing
26%
199 Peter Weir The Truman Show
26%
110 Joseph L. Mankiewicz All About Eve
22%
158 Milos Forman Amadeus
22%
128 Vittorio de Sica Bicycle Thieves
22%
146 Michael Curtiz Casablanca
22%
165 Alfonso Cuarón Children of Men
22%
152 Sidney Lumet Dog Day Afternoon
22%
144 Michel Gondry Eternal Sunshine of the Spotless Mind
22%
20 Daniel Scheinert, Daniel Kwan Everything Everywhere All at Once
22%
202 Wong Kar-wai Fallen Angels
22%
34 Isao Takahata Grave of the Fireflies
22%
26 Akira Kurosawa Ikiru
22%
162 Federico Fellini La Dolce Vita
22%
29 Mathieu Kassovitz La Haine
22%
219 Fritz Lang Metropolis
22%
60 Billy Wilder The Apartment
22%
169 Charlie Chaplin The Great Dictator
22%
67 Jonathan Demme The Silence of the Lambs
22%
18 Edward Yang A Brighter Summer Day
17%
114 Charlotte Wells Aftersun
17%
37 Giuseppe Tornatore Cinema Paradiso
17%
58 Hayao Miyazaki Howl's Moving Castle
17%
64 Jacques Becker Le Trou
17%
122 Xavier Dolan Mommy
17%
172 Barry Jenkins Moonlight
17%
123 François Truffaut The 400 Blows
17%
54 Peter Jackson The Lord of the Rings: The Two Towers
17%
151 Wim Wenders Wings of Desire
17%
153 Akira Kurosawa Yojimbo
17%
181 Costa Gavras Z
17%
130 Bob Fosse All That Jazz
13%
47 Ingmar Bergman Autumn Sonata
13%
72 John Cassavetes A Woman Under the Influence
13%
112 Yasujiro Ozu Late Spring
13%
248 Sidney Lumet Network
13%
220 Martin Scorsese Raging Bull
13%
225 Brad Bird Ratatouille
13%
155 Luchino Visconti Rocco and His Brothers
13%
68 Mikhail Kalatozov The Cranes Are Flying
13%
148 Andrei Tarkovsky The Sacrifice
13%
2 Guel Arras A Dog's Will
9%
124 Robert Bresson A Man Escaped
9%
230 Billy Wilder Double Indemnity
9%
63 Theo Angelopoulos Eternity and a Day
9%
66 Ingmar Bergman Fanny and Alexander
9%
214 Wong Kar-wai Happy Together
9%
89 Sion Sono Love Exposure
9%
96 Federico Fellini Nights of Cabiria
9%
145 Hirokazu Kore-eda Nobody Knows
9%
204 John Cassavetes Opening Night
9%
103 Carl Theodor Dreyer Ordet
9%
221 Paul King Paddington 2
9%
133 Akira Kurosawa Red Beard
9%
117 Buster Keaton Sherlock, Jr.
9%
166 James Cameron Terminator 2: Judgement Day
9%
84 Larisa Shepitko The Ascent
9%
97 Gillo Pontecorvo The Battle of Algiers
9%
147 Florian Zeller The Father
9%
192 Rob Minkoff, Roger Allers The Lion King
9%
76 Emeric Pressburger, Michael Powell The Red Shoes
9%
197 Carol Reed The Third Man
9%
223 John Huston The Treasure of the Sierra Madre
9%
160 Henri-Georges Clouzet The Wages of Fear
9%
127 Krzysztof Kieslowski Three Colors: Red
9%
170 Ernst Lubitsch To Be or Not to Be
9%
244 Vittorio de Sica Umberto D.
9%
80 Sergey Bondarchuk War and Peace
9%
132 Ingmar Bergman Wild Strawberries
9%
43 Hiroshi Teshigahara Woman in the Dunes
9%
203 Makoto Shinkai Your Name
9%
247 Elia Kazan A Face in the Crowd
4%
57 Satyajit Ray Apur Sansar
4%
129 Ashgar Farhadi A Separation
4%
13 Walter Salles Central Station
4%
159 Marcel Carné Children of Paradise
4%
240 Lee Unkrich, Adrian Molina Coco
4%
73 Mikhail Kalatozov I Am Cuba
4%
193 Ernesto Contreras I Dream in Another Language
4%
190 Michelangelo Antonioni La Notte
4%
196 Lino Brocka Manila in the Claws of Light
4%
126 Dean Fleischer Camp Marcel the Shell with Shoes On
4%
56 Paul Schrader Mishima: A Life in Four Chapters
4%
177 Abel Gance Napoleon
4%
23 Hideaki Anno, Kazuya Tsurumaki Neon Genesis Evangelion: The End of Evangelion
4%
185 Andrei Tarkovsky Nostalgia
4%
215 Nuri Bilge Ceylan Once Upon a Time in Anatolia
4%
150 Peter Bogdanovich Paper Moon
4%
25 Céline Sciamma Potrait of a Lady on Fire
4%
245 S.S. Rajamouli RRR
4%
77 Ingmar Bergman Scenes from a Marriage
4%
200 Hirokazu Kore-eda Shoplifters
4%
120 Juzo Itami Tampopo
4%
178 Abbas Kiarostami Taste of Cherry
4%
208 Juraj Herz The Cremator
4%
238 Ken Russell The Devils
4%
7 Masaki Kobayashi The Human Condition III: A Soldier's Prayer
4%
45 Masaki Kobayashi The Human Condition II: Road to Eternity
4%
24 Masaki Kobayashi The Human Condition I: No Greater Love
4%
227 Brad Bird The Iron Giant
4%
164 Charles Laughton The Night of the Hunter
4%
139 Jacques Demy The Young Girls of Rochefort
4%
229 Akira Kurosawa Throne of Blood
4%
195 Emir Kusturica Underground
4%
156 Ettore Scola We All Loved Each Other So Much
4%
106 Béla Tarr Werckmeister Harmonies
4%
115 Federico Fellini
0%
157 Katsuhiro Otomo Akira
0%
241 Shunji Iwai All About Lily Chou-Chou
0%
216 Emeric Pressburger, Michael Powell A Matter of Life and Death
0%
113 Hu Bo An Elephant Sitting Still
0%
188 Satyajit Ray Aparajito
0%
143 Jean-Pierre Melville Army of Shadows
0%
121 Ettore Scola A Special Day
0%
163 David Lean Brief Encounter
0%
210 Emin Alper Burning Days
0%
234 Peter Chan Comrades, Almost a Love Story
0%
243 Henry Selick Coraline
0%
137 Stanley Kubrick Dr Strangelove or How I Learned to Stop Worrying and Love the Bomb
0%
180 Shinji Aoyama Eureka
0%
149 Hideaki Anno Evangelion 3.0+1.0 Thrice Upon a Time
0%
102 Chen Kaige Farewell My Concubine
0%
119 Toshio Matsumoto Funeral Parade of Roses
0%
211 Anurag Kashyap Gangs of Wasseypur- Part 2
0%
189 Alonso Ruizpalacios Güeros
0%
212 Ryusuke Hamaguchi Happy Hour
0%
228 Lee Joon-ik Hope
0%
205 Dino Risi Il Sorpasso
0%
69 Don Hertzfeldt It's Such a Beautiful Day
0%
213 Chantal Akerman Jeanne Dielman, 23, Quai du Commerce 1080 Bruxelles
0%
111 Theo Angelopoulos Landscape in the Mist
0%
233 Abbas Kiarostami Life, and Nothing More...
0%
61 Roberto Gavaldón Macario
0%
218 Leo McCarey Make Way for Tomorrow
0%
174 Gabriel Martins Mars One
0%
100 Satyajit Ray Panther Panchali
0%
101 Joel Crawford Puss in Boots: The Last Wish
0%
168 Zhang Yimou Raise the Red Lantern
0%
167 Hideaki Anno Ritual
0%
246 Masaki Kobayashi Samurai Rebellion
0%
79 Kenji Mizoguchi Sansho the Bailiff
0%
52 Béla Tarr Santango
0%
249 Marcell Jankovics Son of a White Mare
0%
161 Hirokazu Kore-eda Still Walking
0%
226 Alexander Mackendrick Sweet Smell of Success
0%
109 Marco Tullio Giordana The Best of Youth
0%
209 Satyajit Ray The Big City
0%
75 Anselmo Duarte The Given Word
0%
201 Emeric Pressburger, Michael Powell The Life and Death of Colonel Blimp
0%
42 Carl Theodor Dreyer The Passion of Joan Arc
0%
81 Anna Muylaert The Second Mother
0%
236 Elmar Klos, Ján Kadár The Shop on Main Street
0%
231 Isao Takahata The Tale of the Princess Kaguya
0%
131 Leon Hirszman They Don't Wear Black Tie
0%
154 Luis Buñuel The Young and the Damned
0%
232 Emir Kusturica Time of the Gypsies
0%
187 Zhang Yimou To Live
0%
235 Kenji Mizoguchi Ugetsu
0%
125 Abbas Kiarostami Where Is My Friend's House
0%
176 Billy Wilder Witness for the Prosecution
0%
No matching quizzes found
Score Distribution
Percent of People with Each Score
Percentile by Number Answered
Your Score History
You have not taken this quiz since the last reset